Entrtepreneurship Development/ (Record no. 186400)

MARC details
000 -LEADER
fixed length control field 00680nam a22002177a 4500
005 - DATE AND TIME OF LATEST TRANSACTION
control field 20220225143009.0
010 ## - LCCN (DPL NO)
LC control number ENG-131790
020 ## - INTERNATIONAL STANDARD BOOK NUMBER
International Standard Book Number 9789388096539
Terms of availability 181.00
035 ## - SYSTEM CONTROL NUMBER
System control number EN-115322
037 ## - SOURCE OF ACQUISITION
Source of stock number/acquisition DBAD/PUB
082 ## - DEWEY DECIMAL CLASSIFICATION NUMBER
Classification number 338.04
245 ## - TITLE STATEMENT
Title Entrtepreneurship Development/
Statement of responsibility, etc M.Thejomoorthy
260 ## - PUBLICATION, DISTRIBUTION, ETC. (IMPRINT)
Place of publication, distribution, etc Hyderabad
Name of publisher, distributor, etc SevenHills International Publishers
Date of publication, distribution, etc 2021
270 ## - ADDRESS
City Hyderabad
Address #326/C, Level-4, Surneni Nilayam, Near B K Guda Park, S R Nagar
Postal code 500038
300 ## - PHYSICAL DESCRIPTION
Extent 224p.
Dimensions 21cm(pbk)
700 ## - ADDED ENTRY--PERSONAL NAME
Personal name Sreeramulu,R.
700 ## - ADDED ENTRY--PERSONAL NAME
Personal name Naidu.B.E.V.L.
700 ## - ADDED ENTRY--PERSONAL NAME
Personal name Reddy, Y.Bhanu KIran
700 ## - ADDED ENTRY--PERSONAL NAME
Personal name Shekhar, M.Chandra
942 ## - ADDED ENTRY ELEMENTS (KOHA)
Source of classification or shelving scheme Dewey Decimal Classification
Item type English Books
Classification part 338.04
Call number suffix ENT
Holdings
Withdrawn status Lost status Not for loan Collection code Home library Current library Date acquired Source of acquisition Cost, normal purchase price Full call number Barcode Copy number Cost, replacement price Koha item type
      Non-fiction Patel Nagar Patel Nagar 25/02/2022 DBAD/PUB 181.00 338.04 ENT EN-115322 1 181.00 English Books

© Delhi Public Library
Hit Counter
free hit counter